| 000 | 00405nam a22001697a 4500 | ||
|---|---|---|---|
| 003 | OSt | ||
| 008 | 250421b |||||||| |||| 00| 0 eng d | ||
| 020 | _a9789360745882 | ||
| 082 | _a658.4034 HAI | ||
| 100 | _aHAVINAL,Veerabhadrappa | ||
| 245 | _aAn Introduction to Operations Research | ||
| 250 | _a2nd Ed | ||
| 260 |
_aNew Delhi _bNew Age _c2025 |
||
| 300 | _a331 | ||
| 650 | _aMBA | ||
| 942 |
_2ddc _cBK |
||
| 999 |
_c13354 _d13354 |
||